Catàleg de l'exposició-venda de quadros antics procedents d'una importantíssima col·lecció particular de noble família castellana
MARC
| LEADER | 00000nam a2200000 a 4500 | ||
|---|---|---|---|
| 001 | 24917 | ||
| 003 | AGDB | ||
| 005 | 20260324181544.0 | ||
| 008 | 260113b spa||||| |||| 00| 0 cat d | ||
| 040 | |a agdb |b cat | ||
| 041 | |a cat | ||
| 110 | |a Galeries Laietanes |9 72928 |e institució d'acollida | ||
| 245 | |a Catàleg de l'exposició-venda de quadros antics procedents d'una importantíssima col·lecció particular de noble família castellana | ||
| 260 | |a Barcelona : |b Galeries Laietanes, |c 1929 | ||
| 300 | |a [13] pàgines : |b il·lustracions en blanc i negre : |c 21'5 x 15'5 cm | ||
| 500 | |a Prové del fons Joan Junyer i Pascual (1909-1994) | ||
| 500 | |a Catàleg de l'exposició celebrada a les Galeries Laietanes, Barcelona, del 9 al 22 de febrer de 1929 | ||
| 650 | |a Fons Joan Junyer i Pascual (1909-1994) |9 72777 | ||
| 650 | 0 | |a Art |x Exposicions |2 Arxiu |9 43798 | |
| 650 | 0 | |a Art |x Catàlegs |9 26592 | |
| 650 | 0 | |a Galeries d'art |x Catàlegs |9 72877 | |
| 942 | |2 udc |c ARXIU |n 1 | ||
| 952 | |0 0 |1 0 |2 udc |4 0 |6 F504343 |7 1 |9 98938 |a Arxiu |b Arxiu |d 2026-01-13 |l 0 |o F-504-343 |p 24917 |r 2026-01-13 13:37:06 |w 2026-01-13 |y ARXIU |z Anotacions manuscrites | ||
| 999 | |c 130606 |d 130606 | ||